| 000 | 00413nam a2200145Ia 4500 | ||
|---|---|---|---|
| 008 | 230917s9999||||xx |||||||||||||| ||und|| | ||
| 040 |
_e103573 _aMAIN |
||
| 041 | _aEnglish | ||
| 082 | _a320.954 M697D | ||
| 100 | _aMitra, Subrata K | ||
| 245 | 0 | _aCulture and rationality: The politics of social change in post-colonial india | |
| 260 |
_aNew Delhi _bSage Publications _c1999 |
||
| 300 | _a438 p. | ||
| 942 | _cBK | ||
| 999 |
_c111652 _d111652 |
||